El Magisterio balear : periódico de primera enseñanza periódico de primera enseñanza
Descripción Física:
25 cm
Materias:
Educació primària -- Revistes
MARC
| LEADER | 00000nam a2200000Ia 4500 | ||
|---|---|---|---|
| 001 | |||
| 008 | 160829s1876 xx 000 0 cat d | ||
| 080 | |a 1379, exp. 42 | ||
| 245 | |a El Magisterio balear : |b periódico de primera enseñanza | ||
| 260 | |a Palma de Mallorca : |b Imprenta de Pedro José Gelabert, |c 1876 | ||
| 300 | |a 25 cm | ||
| 590 | |a Setmanal. | ||
| 590 | |a Descripció basada en: Any 4, núm. 19 (6 maig 1876) | ||
| 650 | |a Educació primària |x Revistes |9 48312 | ||
| 866 | |a Any 4, 1876 (19) | ||
| 901 | |a Arxiu | ||
| 942 | |n 1 | ||
| 952 | |0 0 |1 0 |4 0 |6 1379_EXP_42 |7 1 |9 54461 |a Arxiu |b Arxiu |d 2016-12-01 |l 0 |o 1379, exp. 42 |r 2016-12-01 00:00:00 |w 2016-12-01 |y ARXIU | ||
| 999 | |c 58330 |d 58330 | ||